[Event "5th Comtois Masters"]
[Site "Belfort FRA"]
[Date "2002.06.28"]
[Round "1"]
[White "Hamdouchi,H"]
[Black "Bauer,Ch"]
[Result "1/2-1/2"]
[WhiteElo "2570"]
[BlackElo "2571"]
[EventDate "2002.06.27"]

1. e4 e6 2. d4 d5 3. Nc3 Bb4 4. exd5 exd5 5. Bd3 Nc6 6. a3 Ba5 7. Be3 Nge7
8. Qh5 Be6 9. Nf3 Bxc3+ 10. bxc3 Qd7 11. Ng5 O-O-O 12. Nxe6 fxe6 13. O-O g6
14. Qh3 Nf5 15. Rfe1 Rde8 16. Bf4 Rhf8 17. g3 Na5 18. Rab1 a6 19. Rb4 Rf7
20. Reb1 Qc6 21. Qf1 Nd6 22. Bxd6 Qxd6 23. Ra4 Nc4 24. Bxc4 dxc4 25. Rxc4
Ref8 26. f4 g5 27. Qg2 gxf4 28. Qxb7+ Kd7 29. Qf3 fxg3 30. Qxg3 Rf2 31. Rc5
Qxg3+ 32. hxg3 Rxc2 33. Rb7 Rf3 1/2-1/2

[Event "5th Comtois Masters"]
[Site "Belfort FRA"]
[Date "2002.06.28"]
[Round "1"]
[White "Koch,JR"]
[Black "Degraeve,JM"]
[Result "1/2-1/2"]
[WhiteElo "2498"]
[BlackElo "2595"]
[EventDate "2002.06.27"]

1. e4 c5 2. Nf3 Nc6 3. c3 e6 4. d4 d5 5. exd5 exd5 6. Bb5 Bd6 7. dxc5 Bxc5
8. O-O Nge7 9. Re1 O-O 10. Be3 Bxe3 11. Rxe3 Bg4 12. Be2 Qb6 13. Qb3 Qxb3
14. axb3 Nf5 15. Rd3 Rfe8 16. Kf1 d4 17. Nbd2 dxc3 1/2-1/2

[Event "5th Comtois Masters"]
[Site "Belfort FRA"]
[Date "2002.06.29"]
[Round "2"]
[White "Degraeve,JM"]
[Black "Hamdouchi,H"]
[Result "1-0"]
[WhiteElo "2595"]
[BlackElo "2570"]
[EventDate "2002.06.27"]

1. e4 e5 2. Nf3 Nc6 3. Bb5 a6 4. Ba4 Nf6 5. O-O b5 6. Bb3 Bc5 7. c3 d6 8.
d4 Bb6 9. Be3 O-O 10. Nbd2 Bg4 11. h3 exd4 12. cxd4 Bh5 13. Rc1 Qe7 14. Qc2
Nb4 15. Qc3 Bxf3 16. Nxf3 a5 17. Nd2 c5 18. a3 Nc6 19. dxc5 dxc5 20. Rfd1
Nd4 21. Bxd4 cxd4 22. Qc6 Qa7 23. e5 Nh5 24. Qf3 g6 25. Ne4 Kh8 26. g4 Ng7
27. Ng5 Kg8 28. Nxf7 d3 29. Rxd3 Rae8 30. Rc6 Bd4 31. Rf6 1-0

[Event "5th Comtois Masters"]
[Site "Belfort FRA"]
[Date "2002.06.30"]
[Round "3"]
[White "Bauer,Ch"]
[Black "Degraeve,JM"]
[Result "1/2-1/2"]
[WhiteElo "2571"]
[BlackElo "2595"]
[EventDate "2002.06.27"]

1. d4 Nf6 2. Nf3 g6 3. c4 Bg7 4. g3 O-O 5. Bg2 d6 6. Nc3 c6 7. O-O Bf5 8.
Nh4 Be6 9. d5 cxd5 10. cxd5 Bd7 11. Nf3 Na6 12. Be3 Nc5 13. Bd4 Qa5 14. Rb1
Na4 15. Nd2 Rfc8 16. b4 Nxc3 17. bxa5 Nxd1 18. Nb3 Rc2 19. Rb2 Rac8 20.
Rxc2 Rxc2 21. Nd2 b5 22. Bb6 1/2-1/2

[Event "5th Comtois Masters"]
[Site "Belfort FRA"]
[Date "2002.06.30"]
[Round "3"]
[White "Koch,JR"]
[Black "Tregubov,P"]
[Result "0-1"]
[WhiteElo "2498"]
[BlackElo "2627"]
[EventDate "2002.06.27"]

1. e4 c5 2. Nf3 Nc6 3. c3 Nf6 4. e5 Nd5 5. d4 cxd4 6. Bc4 Nb6 7. Bb3 d5 8.
exd6 Qxd6 9. O-O Be6 10. Na3 dxc3 11. Qe2 Bxb3 12. Nb5 Qb8 13. axb3 e5 14.
bxc3 Be7 15. Bg5 f6 16. Be3 Nc8 17. Nh4 O-O 18. Qg4 a6 19. Nf5 g6 20. Nxe7+
N6xe7 21. Qc4+ Kg7 22. Nc7 Nd6 23. Ne6+ Kg8 24. Qd3 Rc8 25. Rad1 Rc6 26. c4
Qc8 27. Nc5 Qf5 28. Qe2 Qc8 29. Na4 Qe8 30. c5 Ndf5 31. b4 Rd8 32. Nb6 Nxe3
33. fxe3 Nf5 34. Rxd8 Qxd8 35. Rd1 Qe8 36. g4 Nh4 37. Qc4+ Kg7 38. Rd7+ Kh6
39. Rxb7 Re6 40. Qd5 Qb5 41. Nc4 Qa4 42. Nd6 Rxd6 43. cxd6 Qc2 44. Rc7 Qe2
45. h3 Nf3+ 46. Qxf3 Qxf3 47. d7 Qxe3+ 48. Kg2 Qd2+ 49. Kf3 Qd3+ 50. Kg2 e4
51. h4 Qf3+ 0-1

[Event "5th Comtois Masters"]
[Site "Belfort FRA"]
[Date "2002.07.01"]
[Round "4"]
[White "Koch,JR"]
[Black "Hamdouchi,H"]
[Result "1/2-1/2"]
[WhiteElo "2498"]
[BlackElo "2570"]
[EventDate "2002.06.27"]

1. e4 c5 2. Nf3 Nc6 3. c3 d5 4. exd5 Qxd5 5. d4 Bg4 6. Be2 cxd4 7. cxd4 e6
8. Nc3 Qa5 9. h3 Bh5 10. a3 Nf6 11. Qb3 Bxf3 12. Bxf3 Nxd4 13. Qxb7 Nxf3+
14. gxf3 Rd8 15. Be3 Bc5 16. Qc6+ Nd7 17. O-O-O O-O 18. Bxc5 Nxc5 19. Rxd8
Rxd8 20. Rd1 Rxd1+ 21. Nxd1 Nb3+ 22. Kb1 Qd8 23. Ne3 h6 24. Ka2 Nd4 25. Qc5
1/2-1/2

[Event "5th Comtois Masters"]
[Site "Belfort FRA"]
[Date "2002.07.02"]
[Round "5"]
[White "Bauer,Ch"]
[Black "Koch,JR"]
[Result "1/2-1/2"]
[WhiteElo "2571"]
[BlackElo "2498"]
[EventDate "2002.06.27"]

1. e4 e5 2. Nf3 Nf6 3. Nxe5 d6 4. Nf3 Nxe4 5. d4 d5 6. Bd3 Nc6 7. O-O Bg4
8. c4 Nf6 9. Nc3 Bxf3 10. Qxf3 Nxd4 11. Qe3+ Ne6 12. cxd5 Nxd5 13. Nxd5
Qxd5 14. Be4 Qb5 15. a4 Qa6 16. Rd1 Be7 17. b4 O-O 18. Qh3 g6 19. Qc3 Ng5
20. Bxg5 Bxg5 21. Qxc7 Rad8 22. Rxd8 Rxd8 23. Bxb7 Qe2 24. Bf3 Qb2 25. Rf1
Qxb4 26. Qxa7 Be7 27. Rc1 Bg5 28. Rf1 Be7 29. Qb7 Qxb7 30. Bxb7 Bc5 31. a5
h5 32. g3 Rd2 33. Kg2 Kg7 34. h4 Ba7 35. a6 Ra2 36. Kf3 f5 37. Kg2 Kf6 38.
Kh3 Rxf2 39. Rc1 Re2 40. Bc8 Kf7 41. Rc7+ Re7 42. Bd7 Bd4 43. a7 Bxa7 44.
Rxa7 Kg7 45. Kg2 Kh6 46. Kf3 Kg7 47. Rc7 Kh7 48. Ra7 Kg7 49. Rb7 Kh6 50.
Rc7 Kg7 51. Kf2 Kh6 52. Rb7 1/2-1/2

[Event "5th Comtois Masters"]
[Site "Belfort FRA"]
[Date "2002.07.03"]
[Round "6"]
[White "Degraeve,JM"]
[Black "Koch,JR"]
[Result "1-0"]
[WhiteElo "2595"]
[BlackElo "2498"]
[EventDate "2002.06.27"]

1. e4 e5 2. Nf3 Nf6 3. d4 Nxe4 4. dxe5 d5 5. Nbd2 Be7 6. Nxe4 dxe4 7. Qxd8+
Bxd8 8. Nd4 c6 9. Bf4 Bb6 10. O-O-O Bg4 11. Rd2 O-O 12. Bc4 Bxd4 13. Rxd4
b5 14. Bf1 Bf5 15. Rg1 h5 16. Be2 Bg6 17. a4 Na6 18. axb5 Nc7 19. Rd7 Nxb5
20. e6 Bf5 21. exf7+ Rxf7 22. Rxf7 Kxf7 23. Rd1 Kf6 24. Bxh5 g5 25. Bg3 a5
26. c4 Na7 27. Be2 Nc8 28. Rd8 Ra7 29. Rf8+ Kg6 30. Be5 Ne7 31. Rf6+ Kh7
32. Rf7+ Kh6 33. Bd6 Rd7 34. Bxe7 1-0

[Event "5th Comtois Masters"]
[Site "Belfort FRA"]
[Date "2002.07.04"]
[Round "7"]
[White "Hamdouchi,H"]
[Black "Degraeve,JM"]
[Result "1/2-1/2"]
[WhiteElo "2570"]
[BlackElo "2595"]
[EventDate "2002.06.27"]

1. e4 e5 2. Bc4 Nf6 3. d3 c6 4. Nf3 d5 5. Bb3 Bb4+ 6. Bd2 Bxd2+ 7. Nbxd2
Bg4 8. h3 Bxf3 9. Qxf3 O-O 10. O-O Qd6 11. Rfe1 Nbd7 12. Nf1 Nc5 13. exd5
Nxb3 14. axb3 Nxd5 15. Ne3 f6 16. Nf5 Qd7 17. Ra4 g6 18. Ne3 Nxe3 19. Qxe3
a6 20. Re4 Rad8 21. h4 Rf7 22. Re2 Kg7 23. g4 Re8 24. Qg3 c5 25. Kf1 Qd6
26. Qe3 a5 27. Ke1 b6 28. f3 Rfe7 29. f4 Kf7 30. f5 gxf5 31. gxf5 Rg8 32.
Qf3 Kf8 33. Rg2 1/2-1/2

[Event "5th Comtois Masters"]
[Site "Belfort FRA"]
[Date "2002.07.05"]
[Round "8"]
[White "Degraeve,JM"]
[Black "Bauer,Ch"]
[Result "1/2-1/2"]
[WhiteElo "2595"]
[BlackElo "2571"]
[EventDate "2002.06.27"]

1. e4 c5 2. Nf3 e6 3. c3 Nf6 4. e5 Nd5 5. Bc4 Nb6 6. Bb3 Nc6 7. d4 cxd4 8.
cxd4 d6 9. Qe2 dxe5 10. dxe5 Nb4 11. Bg5 Qd3 12. Nc3 Bd7 13. a3 Qxe2+ 14.
Kxe2 Na6 15. Rhc1 Be7 16. Be3 Bc5 17. Ne4 Bb5+ 18. Ke1 Bxe3 19. Nd6+ Ke7
20. fxe3 Bc6 21. Nd4 Bxg2 22. Kf2 Bd5 23. Bxd5 Nxd5 24. Nxb7 Kd7 25. b4
Rhb8 26. Na5 Rc8 27. Nac6 Nb8 28. Na5 Na6 29. Rg1 g6 30. Rg3 Rab8 31. Rf3
Ke8 32. Ke2 Rb6 33. Raf1 Rc7 34. Kd2 f5 35. exf6 e5 36. Ne2 Rd6 37. Ke1 Kf7
38. e4 Nxf6 39. Nc3 Ke7 40. Rxf6 Rxf6 41. Rxf6 Kxf6 42. Nd5+ Ke6 43. Nxc7+
1/2-1/2

[Event "5th Comtois Masters"]
[Site "Belfort FRA"]
[Date "2002.07.06"]
[Round "9"]
[White "Hamdouchi,H"]
[Black "Koch,JR"]
[Result "1-0"]
[WhiteElo "2570"]
[BlackElo "2498"]
[EventDate "2002.06.27"]

1. e4 e5 2. Nf3 Nf6 3. Nxe5 d6 4. Nf3 Nxe4 5. d4 d5 6. Bd3 Nc6 7. O-O Bg4
8. c4 Nf6 9. Nc3 Bxf3 10. Qxf3 Nxd4 11. Qg3 Ne6 12. Re1 Be7 13. Bf5 O-O 14.
cxd5 Nxd5 15. Qh3 Nf6 16. Bxe6 fxe6 17. Qxe6+ Rf7 18. Bf4 c6 19. Rad1 Qf8
20. Ne4 Nxe4 21. Rxe4 Kh8 22. Be3 Bf6 23. Qb3 b6 24. a4 Rd8 25. Rxd8 Qxd8
26. h3 Rf8 27. Re6 Qd7 28. Qc4 c5 29. b3 Bd4 30. Re4 Bxe3 31. Rxe3 h6 32.
Qe2 Qd5 33. Qc2 Rd8 34. Kh2 a6 35. Qe2 Qd6+ 36. g3 Rf8 37. Kg1 a5 38. Re6
Qd8 39. h4 Qc7 40. Qb2 Kg8 41. Qc2 Rd8 42. Qe4 Rf8 43. Qd5 Kh8 44. Kg2 Rb8
45. Qe4 Rd8 46. g4 Rf8 47. g5 Qf7 48. f3 hxg5 49. hxg5 Qh5 50. Qd5 Qh4 51.
g6 Rd8 52. Re4 1-0

[Event "5th Comtois Masters"]
[Site "Belfort FRA"]
[Date "2002.07.07"]
[Round "10"]
[White "Tregubov,P"]
[Black "Hamdouchi,H"]
[Result "1/2-1/2"]
[WhiteElo "2627"]
[BlackElo "2570"]
[EventDate "2002.06.27"]

1. d4 e6 2. c4 c5 3. d5 exd5 4. cxd5 d6 5. Nc3 g6 6. Nf3 Bg7 7. Nd2 a6 8.
a4 Nd7 9. e4 Ngf6 10. Be2 O-O 11. O-O Re8 12. f4 Rb8 13. Kh1 c4 14. e5 dxe5
15. Nxc4 e4 16. f5 e3 17. Nxe3 Ne5 18. fxg6 hxg6 19. Nc4 Nxc4 20. Bxc4 b5
21. axb5 axb5 22. Bxb5 Bd7 23. Bxd7 Qxd7 24. Qa4 Qb7 25. Qa7 Ne4 26. Nxe4
Rxe4 27. h3 Be5 28. Ra5 Rd4 29. d6 Qxa7 30. Rxa7 f6 31. d7 Rd8 32. Be3
R4xd7 33. Rxd7 Rxd7 34. b4 Rd3 35. Bc5 Rb3 36. Kg1 Kf7 37. Rd1 Ke6 38. Kf2
g5 39. Ke2 f5 40. Rd3 Rb2+ 41. Rd2 Rb3 42. Kd1 f4 43. Re2 Kd5 44. Kc2 Rb2+
45. Kd3 Rb3+ 46. Kd2 f3 47. gxf3 Bf4+ 48. Ke1 1/2-1/2

[Event "5th Comtois Masters"]
[Site "Belfort FRA"]
[Date "2002.07.07"]
[Round "10"]
[White "Koch,JR"]
[Black "Bauer,Ch"]
[Result "1/2-1/2"]
[WhiteElo "2498"]
[BlackElo "2571"]
[EventDate "2002.06.27"]

1. e4 c5 2. Nf3 b6 3. c4 Bb7 4. Nc3 e6 5. d4 cxd4 6. Nxd4 a6 7. Bd3 d6 8.
O-O Nf6 9. b3 Nbd7 10. Qe2 g6 11. Bb2 Bg7 12. Rac1 O-O 13. Bb1 Re8 14. Qd2
Qc7 15. f3 Rad8 16. Qf2 Qb8 17. Rfe1 Ba8 18. Bd3 Ne5 19. Be2 Bb7 20. Rcd1
Rc8 21. Bf1 Nfd7 22. h3 Nf6 23. Na4 Ned7 24. Nc3 Nc5 25. Bc1 Ba8 26. Be3 d5
27. cxd5 exd5 28. exd5 Ncd7 29. Nc6 Bxc6 30. dxc6 Rxc6 31. Nd5 Nxd5 32.
Rxd5 Nf6 33. Rdd1 b5 34. Bd4 Nh5 35. Rxe8+ Qxe8 36. Bxg7 Nxg7 37. a4 bxa4
38. bxa4 Nf5 39. a5 Qe5 40. Qe1 Qc5+ 41. Kh2 Re6 42. Rd8+ Kg7 43. Qd2 Ne3
44. Kg1 Nf5+ 45. Kh2 Qe5+ 46. Kg1 h5 47. Rc8 h4 48. Qd8 Qe3+ 49. Kh2 Qf4+
50. Kg1 Qe3+ 51. Kh2 Qe5+ 52. Kg1 1/2-1/2

[Event "1st Women's Masters"]
[Site "Belfort FRA"]
[Date "2002.06.28"]
[Round "1"]
[White "Ionescu Brandis,I"]
[Black "Velcheva,M"]
[Result "1-0"]
[WhiteElo "2319"]
[BlackElo "2327"]
[EventDate "2002.06.27"]

1. e4 e5 2. Nf3 Nc6 3. Bc4 Bc5 4. c3 Nf6 5. d3 a6 6. h3 d6 7. Bb3 O-O 8.
Nbd2 Ba7 9. g4 Be6 10. Bc2 d5 11. Qe2 b5 12. O-O dxe4 13. dxe4 Nd7 14. Kg2
Ne7 15. Rd1 Ng6 16. Nf1 Qe7 17. Ng3 Nf4+ 18. Bxf4 exf4 19. Nh5 Bc4 20. Qd2
Nf6 21. Nxf6+ Qxf6 22. e5 Qh6 23. g5 Qb6 24. Nd4 Bd5+ 25. f3 Rfe8 26. Qxf4
g6 27. Rd2 Rad8 28. Rad1 c5 29. Nf5 Be6 30. Nd6 Rf8 31. Ne4 c4 32. Rd6 Rxd6
33. exd6 Rd8 34. Qh4 Qe3 35. Nf6+ 1-0

[Event "1st Women's Masters"]
[Site "Belfort FRA"]
[Date "2002.06.28"]
[Round "1"]
[White "Muller,A"]
[Black "Bojkovic,N"]
[Result "1/2-1/2"]
[WhiteElo "2167"]
[BlackElo "2431"]
[EventDate "2002.06.27"]

1. e4 c5 2. Nf3 d6 3. d4 cxd4 4. Nxd4 Nf6 5. Nc3 Nc6 6. Be2 e5 7. Nf3 h6 8.
h3 Be7 9. O-O O-O 10. Re1 a6 11. Nh2 Be6 12. Ng4 Nd4 13. Bd3 Nxg4 14. hxg4
Bg5 15. Nd5 Bxc1 16. Rxc1 Qg5 17. Ne3 Rad8 18. c3 Nc6 19. Bc4 Ne7 20. Qe2
Qf4 21. f3 d5 22. exd5 Nxd5 23. Nxd5 Bxd5 24. Bxd5 Rxd5 25. Rcd1 Rfd8 26.
Rxd5 Rxd5 27. Qe4 Qxe4 28. Rxe4 Rd2 29. Rxe5 Rxb2 30. Re8+ Kh7 31. a4 Kg6
32. Kh2 Rb3 33. Rc8 Ra3 34. Rc7 Rxa4 35. Rxb7 Rc4 36. Rb6+ f6 37. Rxa6 Rxc3
38. Ra7 Rc2 39. Kg3 Rb2 40. Rc7 1/2-1/2

[Event "1st Women's Masters"]
[Site "Belfort FRA"]
[Date "2002.06.28"]
[Round "1"]
[White "Nepeina Leconte,M"]
[Black "Roumegous,M"]
[Result "1/2-1/2"]
[WhiteElo "2308"]
[BlackElo "2220"]
[EventDate "2002.06.27"]

1. e4 e6 2. d3 d5 3. Nd2 c5 4. Ngf3 Bd6 5. g3 Nc6 6. Bg2 Nge7 7. O-O O-O 8.
Nh4 b5 9. f4 c4 10. Kh1 Rb8 11. Ndf3 cxd3 12. cxd3 Bc7 13. Qe2 Bb6 14. Bd2
b4 15. Rac1 Nd4 16. Nxd4 Bxd4 17. Be3 dxe4 18. dxe4 Ba6 19. Qxa6 Bxe3 20.
Rcd1 Qb6 21. Qxb6 Bxb6 22. Rd7 1/2-1/2

[Event "1st Women's Masters"]
[Site "Belfort FRA"]
[Date "2002.06.29"]
[Round "2"]
[White "Nepeina Leconte,M"]
[Black "Ionescu Brandis,I"]
[Result "1-0"]
[WhiteElo "2308"]
[BlackElo "2319"]
[EventDate "2002.06.27"]

1. e4 d5 2. exd5 Qxd5 3. Nc3 Qa5 4. d4 Nf6 5. Nf3 c6 6. Ne5 Be6 7. Bc4 Bxc4
8. Nxc4 Qd8 9. O-O e6 10. a4 Be7 11. b3 O-O 12. Bb2 Na6 13. Ne3 Qc7 14. Qf3
Nb4 15. Ne2 Rad8 16. Rfd1 Rd7 17. c3 Nbd5 18. Nc4 Rdd8 19. Ne5 Nd7 20. Nd3
Bf6 21. Ng3 Rfe8 22. Ne4 Be7 23. c4 N5f6 24. Ng3 a5 25. Ne5 Nxe5 26. dxe5
Nd7 27. Nh5 Bf8 28. Qg3 Kh8 29. Bd4 g6 30. Nf6 Nxf6 31. exf6 Qxg3 32. hxg3
Bb4 33. Bb6 Rb8 34. Rd3 Kg8 35. Rad1 Kf8 36. g4 Ra8 37. Rh3 Kg8 38. Rd7
Reb8 39. Rhd3 h6 40. Bc7 Rc8 41. Bb6 Rcb8 42. c5 Ba3 43. Kf1 Bb2 44. Bd8 e5
45. f3 Bd4 46. Bb6 g5 47. Ke2 Re8 48. Rxb7 Re6 49. Ra7 Rxa7 50. Bxa7 Rxf6
51. Bb6 Re6 52. Bxa5 Bxc5 53. Rd8+ Kg7 54. Kd3 Be7 55. Rd7 Kf8 56. Ke4 Ke8
57. Rb7 Rd6 58. Rxe7+ Kxe7 59. Bb4 f6 60. Kf5 Kd7 61. Bxd6 Kxd6 62. Kxf6
Kc5 63. Kxe5 Kb4 64. Kd6 c5 65. a5 1-0

[Event "1st Women's Masters"]
[Site "Belfort FRA"]
[Date "2002.06.29"]
[Round "2"]
[White "Roumegous,M"]
[Black "Bojkovic,N"]
[Result "0-1"]
[WhiteElo "2220"]
[BlackElo "2431"]
[EventDate "2002.06.27"]

1. d4 Nf6 2. Nf3 e6 3. e3 b6 4. Bd3 Bb7 5. O-O g6 6. c4 Bg7 7. Nc3 d5 8. b3
O-O 9. Ba3 Re8 10. Rc1 dxc4 11. Bxc4 a5 12. Qe2 Na6 13. Rfd1 Nb4 14. Ne5
Nfd5 15. Nxd5 exd5 16. Bb5 Re6 17. Qd2 c5 18. Nf3 Qe7 19. Ra1 Bc6 20. Bxc6
Rxc6 21. Bb2 c4 22. a3 Na6 23. b4 Nc7 24. bxa5 Rxa5 25. a4 Ra8 26. Bc3 Qe8
27. Rdb1 Re6 28. Qc2 Qc6 29. Nd2 Ree8 30. Bb4 Ra6 31. Ra2 Rea8 32. Rba1 b5
33. axb5 Qxb5 34. Rxa6 Rxa6 35. Rxa6 Nxa6 36. Bc3 Bf8 37. e4 Nc7 38. h3
dxe4 39. Nxe4 Nd5 40. Nd2 Bg7 41. g3 h5 42. h4 Bh6 43. f4 Bg7 44. Kh2 Nf6
45. Kg1 Nd5 46. Kh2 Kh8 47. Kh1 Qd7 48. Kh2 Qb5 49. Kh1 Qc6 50. Kh2 Qc8 51.
Ne4 Qf5 52. Qe2 Nxc3 53. Nxc3 Bxd4 54. Qe8+ Kg7 55. Ne4 c3 56. Qc6 Qe6 0-1

[Event "1st Women's Masters"]
[Site "Belfort FRA"]
[Date "2002.06.30"]
[Round "3"]
[White "Ionescu Brandis,I"]
[Black "Roumegous,M"]
[Result "1-0"]
[WhiteElo "2319"]
[BlackElo "2220"]
[EventDate "2002.06.27"]

1. e4 e6 2. d3 d5 3. Nd2 c5 4. g3 Bd6 5. f4 Ne7 6. Ngf3 Nbc6 7. Bg2 Qb6 8.
c3 Qa6 9. Qe2 Bd7 10. a3 Nd8 11. O-O O-O 12. Re1 Rc8 13. e5 Bc7 14. Nf1 Bb5
15. Rd1 Ba4 16. Rd2 d4 17. Ng5 Ba5 18. Qh5 h6 19. Ne4 Kh7 20. g4 Ng8 21.
Rf2 f5 22. exf6 Nxf6 23. Nxf6+ Rxf6 24. g5 Rf5 25. Be4 Kg8 26. Ng3 Bd7 27.
Nxf5 exf5 28. Bd5+ Kh7 29. c4 Qd6 30. Rg2 Nc6 31. gxh6 g6 32. Qh4 Re8 33.
Bd2 Bxd2 34. Rxd2 Re3 35. Bg2 Qe6 36. Kf1 Ne7 37. Re1 Ng8 38. Bd5 1-0

[Event "1st Women's Masters"]
[Site "Belfort FRA"]
[Date "2002.06.30"]
[Round "3"]
[White "Muller,A"]
[Black "Nepeina Leconte,M"]
[Result "0-1"]
[WhiteElo "2167"]
[BlackElo "2308"]
[EventDate "2002.06.27"]

1. e4 c5 2. Nf3 d6 3. d4 cxd4 4. Nxd4 Nf6 5. Nc3 g6 6. Be2 Bg7 7. O-O Nc6
8. Nb3 O-O 9. Re1 Be6 10. Bf1 d5 11. Nc5 Bg4 12. Be2 Bxe2 13. Qxe2 d4 14.
Nb1 e5 15. Nd2 Nb4 16. Ndb3 Rc8 17. a3 Nxc2 18. Qxc2 Nd7 19. Nxb7 Rxc2 20.
Nxd8 Rxd8 21. Rb1 Nb6 22. Nd2 d3 23. Rd1 Bh6 24. Kf1 Na4 25. Ke1 Nc5 26. f3
f5 27. exf5 gxf5 28. Ra1 e4 29. fxe4 fxe4 30. Nxe4 Bxc1 31. Raxc1 Rxc1 32.
Rxc1 Nxe4 0-1

[Event "1st Women's Masters"]
[Site "Belfort FRA"]
[Date "2002.06.30"]
[Round "3"]
[White "Bojkovic,N"]
[Black "Velcheva,M"]
[Result "1/2-1/2"]
[WhiteElo "2431"]
[BlackElo "2327"]
[EventDate "2002.06.27"]

1. c4 e6 2. g3 Nf6 3. Bg2 d5 4. Nf3 dxc4 5. Qa4+ c6 6. Qxc4 b5 7. Qc2 Bb7
8. O-O Nbd7 9. b3 c5 10. a4 b4 11. d3 Be7 12. Nbd2 O-O 13. Nc4 Nd5 14. Bb2
Bf6 15. Nfd2 Qc7 16. Ne4 Bxb2 17. Qxb2 f5 18. Ned2 Nc3 19. Rae1 Bxg2 20.
Kxg2 f4 21. Kg1 Nb6 22. Nxb6 axb6 23. Nb1 Nd5 24. e4 fxe3 25. fxe3 Rxf1+
26. Kxf1 Rf8+ 27. Kg1 Qf7 28. Qe2 Qf6 29. Kg2 Nc3 30. Qd2 Qf3+ 31. Kg1 Nxb1
32. Rxb1 h5 33. Re1 Rd8 34. Qd1 Qd5 35. d4 e5 36. Qxh5 exd4 1/2-1/2

[Event "1st Women's Masters"]
[Site "Belfort FRA"]
[Date "2002.07.01"]
[Round "4"]
[White "Roumegous,M"]
[Black "Velcheva,M"]
[Result "1/2-1/2"]
[WhiteElo "2220"]
[BlackElo "2327"]
[EventDate "2002.06.27"]

1. d4 d5 2. Nf3 e6 3. e3 Nf6 4. Bd3 b6 5. Qe2 Bb7 6. Ne5 Nbd7 7. f4 Nxe5 8.
fxe5 Ne4 9. O-O f5 10. exf6 Nxf6 11. Nd2 Be7 12. c3 O-O 13. e4 dxe4 14.
Nxe4 Nxe4 15. Rxf8+ Bxf8 16. Bxe4 Bxe4 17. Qxe4 Qd5 18. Qxd5 exd5 19. Bf4
c6 20. a4 a6 21. Bc7 b5 22. axb5 cxb5 23. Kf2 Kf7 24. Ke3 Ke6 25. Kf3 Bd6
26. Bxd6 Kxd6 27. b4 Ra7 28. h4 g6 29. g4 h6 30. Ra2 Ke6 31. Ke3 Kd6 32. h5
g5 33. Kd3 Ra8 34. Ra1 Ra7 35. Rf1 Re7 36. Rf8 Re6 37. Rd8+ Kc6 38. Ra8 Kb7
39. Rh8 Kb6 40. Rh7 Kc6 41. Rg7 Rd6 42. Rh7 Re6 1/2-1/2

[Event "1st Women's Masters"]
[Site "Belfort FRA"]
[Date "2002.07.01"]
[Round "4"]
[White "Nepeina Leconte,M"]
[Black "Bojkovic,N"]
[Result "1/2-1/2"]
[WhiteElo "2308"]
[BlackElo "2431"]
[EventDate "2002.06.27"]

1. e4 c5 2. Nf3 d6 3. d4 cxd4 4. Nxd4 Nf6 5. Nc3 Nc6 6. Bc4 e6 7. Be3 a6 8.
a4 Be7 9. O-O O-O 10. Ba2 Nb4 11. Bb3 d5 12. exd5 Nbxd5 13. Nxd5 Nxd5 14.
Bc1 Bf6 15. Nf3 Ne7 16. Bg5 Bxg5 17. Nxg5 h6 18. Nf3 Qc7 19. Qe2 b6 20. Qe4
1/2-1/2

[Event "1st Women's Masters"]
[Site "Belfort FRA"]
[Date "2002.07.02"]
[Round "5"]
[White "Muller,A"]
[Black "Roumegous,M"]
[Result "0-1"]
[WhiteElo "2167"]
[BlackElo "2220"]
[EventDate "2002.06.27"]

1. e4 e6 2. d4 d5 3. Nd2 Nf6 4. e5 Nfd7 5. Bd3 b6 6. c3 Ba6 7. Bxa6 Nxa6 8.
Nh3 c5 9. Qg4 cxd4 10. cxd4 Nb4 11. O-O h5 12. Qf4 Be7 13. Nf3 Nd3 14. Qg3
Rh7 15. Rd1 Nxc1 16. Raxc1 Nf8 17. Nf4 g5 18. Ne2 Ng6 19. Rc2 g4 20. Nd2
Rc8 21. Rdc1 Rxc2 22. Rxc2 Kf8 23. Qc3 Kg7 24. Qc7 a5 25. Qb7 Bg5 26. Nf1
Ne7 27. Rc7 b5 28. Rd7 Qe8 29. Qxb5 Qc8 30. Qb7 Qc2 31. Nc3 Kf8 32. Qa8+
Kg7 33. Qxa5 Qxb2 34. Rc7 Nf5 35. Qb5 Qa3 36. Qc5 Qc1 37. Rc8 h4 38. Ne2
Qe1 39. Nc1 g3 40. Qc2 gxh2+ 41. Kxh2 Qxf1 0-1

[Event "1st Women's Masters"]
[Site "Belfort FRA"]
[Date "2002.07.02"]
[Round "5"]
[White "Velcheva,M"]
[Black "Nepeina Leconte,M"]
[Result "1-0"]
[WhiteElo "2327"]
[BlackElo "2308"]
[EventDate "2002.06.27"]

1. e4 e5 2. Nf3 d6 3. d4 exd4 4. Nxd4 Nf6 5. Nc3 Be7 6. Qf3 O-O 7. Nf5 Bxf5
8. Qxf5 Qd7 9. Qf3 Nc6 10. Be3 Ng4 11. O-O-O Nce5 12. Qg3 Qd8 13. h4 Nxe3
14. Qxe3 c6 15. f4 Nd7 16. g4 b5 17. g5 Kh8 18. h5 f6 19. gxf6 Rxf6 20. Kb1
Qf8 21. Ne2 Nc5 22. Bg2 Re8 23. Rhf1 Bd8 24. Ng3 Bc7 25. Qd2 Ne6 26. f5 Nc5
27. Qg5 Re5 28. Qh4 Bd8 29. Qg4 Nd7 30. Ne2 Nc5 31. Nf4 Nxe4 32. Ng6+ Rxg6
33. fxg6 Nf6 34. Bxc6 Qe7 35. Qc8 h6 36. Qb8 Qc7 37. Qxc7 Bxc7 38. Bf3 Kg8
39. Rde1 Kf8 40. Rxe5 dxe5 41. c3 Ke7 42. Kc2 e4 43. Bxe4 Nxh5 44. Rf7+ Kd8
45. Bf3 Nf4 46. Rxg7 Bb6 47. Rxa7 Nxg6 48. Rb7 1-0

[Event "1st Women's Masters"]
[Site "Belfort FRA"]
[Date "2002.07.02"]
[Round "5"]
[White "Bojkovic,N"]
[Black "Ionescu Brandis,I"]
[Result "1/2-1/2"]
[WhiteElo "2431"]
[BlackElo "2319"]
[EventDate "2002.06.27"]

1. e4 e5 2. Bc4 Nf6 3. Nc3 Nxe4 4. Bxf7+ Kxf7 5. Nxe4 Nc6 6. d3 Be7 7. Qf3+
Ke8 8. Qh5+ g6 9. Qd1 d5 10. Ng3 Be6 11. N1e2 Rf8 12. Be3 1/2-1/2

[Event "1st Women's Masters"]
[Site "Belfort FRA"]
[Date "2002.07.03"]
[Round "6"]
[White "Velcheva,M"]
[Black "Ionescu Brandis,I"]
[Result "1/2-1/2"]
[WhiteElo "2327"]
[BlackElo "2319"]
[EventDate "2002.06.27"]

1. e4 d5 2. exd5 Qxd5 3. Nc3 Qa5 4. d4 Nf6 5. Nf3 c6 6. Bc4 Bg4 7. h3 Bxf3
8. Qxf3 e6 9. O-O Be7 10. Ne2 Nbd7 11. c3 e5 12. Qg3 O-O 13. b4 Qc7 14. Bh6
Nh5 15. Qf3 Nhf6 16. Qg3 Nh5 17. Qf3 Nhf6 18. Qg3 1/2-1/2

[Event "1st Women's Masters"]
[Site "Belfort FRA"]
[Date "2002.07.03"]
[Round "6"]
[White "Bojkovic,N"]
[Black "Muller,A"]
[Result "1-0"]
[WhiteElo "2431"]
[BlackElo "2167"]
[EventDate "2002.06.27"]

1. c4 e5 2. Nc3 Nf6 3. Nf3 Nc6 4. g3 d5 5. cxd5 Nxd5 6. Bg2 Nb6 7. O-O Be7
8. d3 O-O 9. a3 Re8 10. b4 Bf8 11. Bb2 a5 12. b5 Nd4 13. e3 Nxf3+ 14. Bxf3
a4 15. Qc2 Ra7 16. Rac1 Bd7 17. Rfe1 Re7 18. Qb1 Qe8 19. Ba1 Re6 20. Qb2
Ra5 21. Bxb7 Bxb5 22. Be4 Bc6 23. Rc2 Bxe4 24. Nxe4 Rb5 25. Qc1 Rb3 26. Nc5
Bxc5 27. Rxc5 Rxd3 28. Rxc7 Red6 29. Rc5 f6 30. Bc3 Qh5 31. Qc2 h6 32. Ba5
Rb3 33. Bxb6 Rdxb6 34. Rc8+ Kf7 35. Qc7+ Kg6 36. Rg8 Rb7 37. Rxg7+ Kf5 38.
Qc8+ Ke4 39. Qc4+ 1-0

[Event "1st Women's Masters"]
[Site "Belfort FRA"]
[Date "2002.07.04"]
[Round "7"]
[White "Ionescu Brandis,I"]
[Black "Nepeina Leconte,M"]
[Result "1/2-1/2"]
[WhiteElo "2319"]
[BlackElo "2308"]
[EventDate "2002.06.27"]

1. e4 e6 2. d3 d5 3. Nd2 Nf6 4. Ngf3 Nc6 5. c3 a5 6. Be2 g6 7. O-O Bg7 8.
Re1 O-O 9. e5 Nd7 10. d4 f6 11. exf6 Qxf6 12. Nf1 Qf7 13. Ne3 e5 14. dxe5
Nb6 15. Kh1 Nxe5 16. Nxe5 Bxe5 17. Bf3 Be6 18. Nc2 Bg7 19. Be3 Nc4 20. Bd4
c6 21. Bxg7 Kxg7 22. b3 Nd6 23. Qd4+ Kg8 24. Qe5 Ne4 25. Bxe4 dxe4 26. Re2
Rae8 27. Qc5 Bg4 28. Rd2 Rd8 29. Rxd8 Rxd8 30. Qg5 Qd7 31. Ne3 Be2 32. h4
Rf8 33. Kg1 Qd2 34. Qe5 Bd3 35. Ng4 Qf4 1/2-1/2

[Event "1st Women's Masters"]
[Site "Belfort FRA"]
[Date "2002.07.04"]
[Round "7"]
[White "Muller,A"]
[Black "Velcheva,M"]
[Result "1/2-1/2"]
[WhiteElo "2167"]
[BlackElo "2327"]
[EventDate "2002.06.27"]

1. e4 Nf6 2. e5 Nd5 3. d4 d6 4. Nf3 Nb6 5. Be2 g6 6. O-O Bg7 7. a4 a5 8. c3
O-O 9. Nbd2 Nc6 10. exd6 cxd6 11. Ne4 h6 12. d5 f5 13. dxc6 fxe4 14. cxb7
Bxb7 15. Nd4 Bd5 16. Nb5 Bf7 17. Qc2 d5 18. Be3 Rb8 19. Rad1 Qc8 20. Bd4
Bxd4 21. Rxd4 e5 22. Rdd1 Qc6 23. Rc1 Kg7 24. Rfe1 Be6 25. Bf1 Rb7 26. c4
dxc4 27. Qxe4 Qxe4 28. Rxe4 Nxa4 29. Rxe5 Kf6 30. Rce1 Bg8 31. Nd6 Rxb2 32.
Nxc4 Rc2 33. Nd6 Kg7 34. f3 Nc5 35. Ne4 Nxe4 1/2-1/2